000 03161nam a22003735a 4500
005 2009121708588.0
008 091120t20092006paua j 001 0 eng
010 _aB-389896-907
020 _a9781846969577
_c325.00
035 _aB-389896-907
037 _bScholatic
040 _adpl
_bEnglish
082 _a613.2
100 _aSayer, Melissa
245 _aToo fat? too thin?:
_cby Melissa Sayer
_bthe healthy eating handbook /
260 _aKent
_bTicktock Media
_c2009
270 _bKent
_aThe Old Sawmill, 103 Goods Station Road, Tunbridge Wells,
300 _a48p.:
_bcol. ill.
_c24cm(pbk )
500 _aIncludes glossary and index
942 _2ddc
_cCH
_mSAY
_h613.2
999 _c33136
_d33136